<?xml version="1.0" encoding="UTF-8"?><?xml-stylesheet type="text/xsl" href="static/style.xsl"?><OAI-PMH xmlns="http://www.openarchives.org/OAI/2.0/" xmlns:xsi="http://www.w3.org/2001/XMLSchema-instance" xsi:schemaLocation="http://www.openarchives.org/OAI/2.0/ http://www.openarchives.org/OAI/2.0/OAI-PMH.xsd"><responseDate>2026-04-13T07:19:57Z</responseDate><request verb="GetRecord" identifier="oai:www.recercat.cat:2099.1/22539" metadataPrefix="marc">https://recercat.cat/oai/request</request><GetRecord><record><header><identifier>oai:recercat.cat:2099.1/22539</identifier><datestamp>2025-07-23T00:41:51Z</datestamp><setSpec>com_2072_1033</setSpec><setSpec>col_2072_452951</setSpec></header><metadata><record xmlns="http://www.loc.gov/MARC21/slim" xmlns:dcterms="http://purl.org/dc/terms/" xmlns:xsi="http://www.w3.org/2001/XMLSchema-instance" xmlns:doc="http://www.lyncode.com/xoai" xsi:schemaLocation="http://www.loc.gov/MARC21/slim http://www.loc.gov/standards/marcxml/schema/MARC21slim.xsd">
   <leader>00925njm 22002777a 4500</leader>
   <datafield ind2=" " ind1=" " tag="042">
      <subfield code="a">dc</subfield>
   </datafield>
   <datafield ind2=" " ind1=" " tag="720">
      <subfield code="a">Pujol Navarro, Roger</subfield>
      <subfield code="e">author</subfield>
   </datafield>
   <datafield ind2=" " ind1=" " tag="260">
      <subfield code="c">2014-05</subfield>
   </datafield>
   <datafield ind2=" " ind1=" " tag="520">
      <subfield code="a">Disseny d'una màquina automàtica per al mecanitzat de plaques no metàl·liques. La màquina consta de l'estructura o bancada, de tres eixos lineals anomenats X, Y i Z, d'una taula de treball o de recolzament de les plaques i d'una protecció. Té unes dimensions aproximades de 3,8 m d'amplada, 3,4 m d'alçària i 1,4 m de fons. S'ha dissenyat de forma vertical per tal que l'usuari desenvolupi les tasques d'una manera ergonòmica i per tant, més còmode i a la vegada ocupi menys espai del taller mecànic.&#xd;
Els eixos X i Y són accionats amb un servomotor i l'eix Z que és el portador de l'eina, s'acciona amb un actuador lineal. El dispositiu per a foradar és un trepant amb canvi d'eina automàtic, el qual permet realitzar diferents diàmetres de mecanitzat.&#xd;
S'ha realitzat el disseny mecànic de la màquina amb els plànols corresponents. S'ha modelitzat el sistema per tal de poder-lo estudiar en el camp de la cinemàtica i la dinàmica fent els càlculs justificatius del disseny. També s'ha dissenyat el control de la màquina i la configuració de la xarxa d'interacció de tots els elements.&#xd;
D'altra banda, s'ha implementat un programa per a AutoCAD que interpreta els plànols de plaques dissenyats en el mateix AutoCAD i genera un arxiu amb les dades necessàries perquè la màquina pugui mecanitzar. El programa llegeix les dimensions de la placa i els forats amb les seves coordenades relatives a la placa i crea una llista. També s'ha creat un sistema de finestres perquè l'usuari pugui introduir les dades corresponents a les propietats de les plaques i, inclús, es pot arribar a crear un dibuix des del propi programa. Finalment, quan ja s'ha finalitzat tot el plànol envia un arxiu amb totes les dades recollides a la màquina, perquè les llegeixi i pugui fer els mecanitzats a la placa.&#xd;
Per últim, s'ha realitzat un estudi econòmic de la màquina amb l'elaboració del pressupost i l'estudi de viabilitat de la inversió. També s'ha elaborat l'estudi de l'impacte ambiental que suposa la màquina.</subfield>
   </datafield>
   <datafield tag="653" ind2=" " ind1=" ">
      <subfield code="a">Àrees temàtiques de la UPC::Informàtica::Automàtica i control</subfield>
   </datafield>
   <datafield tag="653" ind2=" " ind1=" ">
      <subfield code="a">Automation Industries</subfield>
   </datafield>
   <datafield tag="653" ind2=" " ind1=" ">
      <subfield code="a">Machine design</subfield>
   </datafield>
   <datafield tag="653" ind2=" " ind1=" ">
      <subfield code="a">Automatització -- Aplicacions industrials</subfield>
   </datafield>
   <datafield tag="653" ind2=" " ind1=" ">
      <subfield code="a">Maquinaria -- Disseny</subfield>
   </datafield>
   <datafield ind2="0" ind1="0" tag="245">
      <subfield code="a">Màquina de tres eixos per al mecanitzat de plaques no metàl·liques</subfield>
   </datafield>
</record></metadata></record></GetRecord></OAI-PMH>